000 00625nam a2200241Ia 4500
003 OSt
005 20220918222257.0
006 a|||||r|||| 00| 0
007 ta
008 220917b |||||||| |||| 00| 0 eng d
024 _a216,328
037 _cTextual
040 _aARTS
_cARTS
_beng
041 _2eng
_aeng
082 _aW6.1z7, P1
100 _aAxtmann Roland Ed.
_9142716
245 0 _aBalancing democracy
260 _aLondon
_bContinuum
_c2001
300 _axii, 319p
_ccm.
650 _aPOLITICAL SCIENCE
942 _hW6.1z7, P1
_cTEXL
_2CC
999 _c275070
_d275070